| 000 | 00850nam a22003135b 4500 | ||
|---|---|---|---|
| 001 | 00379 | ||
| 003 | DO-SdBNP | ||
| 005 | 20171214105100.0 | ||
| 007 | 00379 | ||
| 008 | 931125s1977 ag | |||| ||spa | ||
| 016 | 7 |
_a _2BPMSU |
|
| 017 |
_a _b |
||
| 020 | _a | ||
| 035 | _a | ||
| 040 |
_aBPMSU _bspa _cBPMSU _e |
||
| 080 | 0 | _a | |
| 100 | 2 |
_aErcilla y Zúñiga, Alonso de _d1533-1594 |
|
| 245 | 1 | 3 |
_aLa Araucana / _h _cAlonso de Ercilla ; estudio preliminar Eduardo Solar Correa |
| 260 |
_aBuenos Aires : _b Francisco de Aguirre, _c1977 |
||
| 300 |
_a618 p. ; _c16 cm |
||
| 490 | _a Reino de Chile | ||
| 500 | _a Incluye índice | ||
| 504 | _a | ||
| 700 | _aSolar Correa, Eduardo | ||
| 830 | _a Reino de Chile | ||
| 942 |
_2ddc _cBK |
||
| 945 | _ainventariado extranjero / DG | ||
| 956 |
_aVMATEO _b10 _c20160714 _dBPMSU _f00069 |
||
| 999 |
_c10885 _d10885 |
||